000 00304nam a22001457a 4500
020 _a81-7573-678-x
082 _a001
_bDUA/F
100 _aDUA,SHYAM
245 _aSCIENTISTS
250 _aFIRST
260 _aDELHI
_bTINY TOT
_c2004
300 _a108
650 _aINDIAN SCIENTISTS
_zINDIA
942 _cBK
999 _c6640
_d6640